| LEADER | 01060nam a22002651a 4500 | ||
|---|---|---|---|
| 001 | c000187665 | ||
| 003 | CARM | ||
| 005 | 19980206000000.0 | ||
| 008 | 880815s1914 enka 000 0 eng d | ||
| 019 | 1 | |a 12607459 |5 LACONCORD2021 | |
| 035 | |a (OCoLC)78803010 |5 LACONCORD2021 | ||
| 040 | |a QU |b eng |c QU |d NUNE | ||
| 050 | 0 | 0 | |a TN941 |b .M87 |
| 110 | 2 | |a Museum of Practical Geology (Great Britain) | |
| 245 | 1 | 2 | |a A handbook to the collection of Kaolin, china-clay and china-stone, in the Museum of Practical Geology, Jermyn Street, London, S.W. / |c by J. Allen Howe ; with an appendix by Allan B. Dick. |
| 260 | |a London : |b H.M.S.O., |c 1914. | ||
| 300 | |a 271p : |b ill ; |c 24cm. | ||
| 504 | |a Includes bibliography. | ||
| 650 | 0 | |a Kaolin. | |
| 650 | 0 | |a Clay. | |
| 700 | 1 | |a Howe, J. Allen |q (John Allen) | |
| 700 | 1 | |a Dick, Allan B. | |
| 852 | 8 | |b CARM |h A2:AO22C0 |i C06980 |p 0251375 |f BK | |
| 999 | f | f | |i de898458-c04d-5376-b945-9d87e4e66c1a |s 9e0e5247-45f3-5e45-ad84-5e30765f61a8 |
| 952 | f | f | |p Can circulate |a CAVAL |b CAVAL |c CAVAL |d CARM 1 Store |e C06980 |f A2:AO22C0 |h Other scheme |i book |m 0251375 |